Acteurs du film Misery par images - Statistiques

Statistiques générales
  • Ce quiz a été pris 20 fois
  • Le résultat moyen est 4 sur 6
Statistiques - réponses
Par images Hint Réponse % Correct
Annie Wilkes Kathy Bates
93%
Paul Sheldon James Caan
79%
Réalisateur Rob Reiner
57%
Shériff Buster Richard Farnsworth
50%
Virginia Frances Sternhagen
36%
Lauren Bacall Marica Sindell
36%
Aucun quiz correspondant
Distribution des résultats
% des personnes avec chaque résultat
Percentile par nombre de réponses
Votre historique - résultats
Vous n’avez pas pris ce quiz